000 00656nam a2200253Ia 4500
005 20260121153839.0
008 008 260114s9999 xx 000 0 eng d
020 _a9781315702322
037 _aEBOOK
040 _aCRL
040 _beng
040 _cCRL
041 _2eng
041 _aeng
084 _qCRL
100 _aTerry F. Buss; Kristina Guo; F Stevens Redburn
_9999864
245 0 _aModernizing Democracy: Innovations in Citizen Participation
260 _bTaylor and Francis
260 _c2006
856 _uhttp://www.taylorfrancis.com/books/9781315702322
942 _cEBOOK
999 _c1566685
_d1566685